Представление документа в формате MARC21

Поле Инд. ПП Название Значение
Тип записи a
Библиографический уровень m
001 Контрольный номер EL/0000235353
005 Дата корректировки 20230417084056.9
008 Кодируемые данные 081222s2008 RU y |||| ||| 1|rus u
017 a Номер государственной регистрации 2008-93689
a Номер государственной регистрации 5493
020 a ISBN 978-5-8291-1038-3 (Акад. Проект)
a ISBN 978-5-902767-39-8 (Культура)
040 a Служба первич. каталог. Челябинская ОУНБ
c Служба, преобразующая запись НБ ТвГУ
041 0_ a Код языка текста rus
044 a Код страны публикации RU
080 a Индекс УДК 316.77(075.8)
084 a Индекс другой классификации/Индекс ББК С524.224.5я73-1
090 a Полочн. индекс С524.2
x Авторский знак К 43
100 1_ a Автор Кириллова Наталья Борисовна
q Полное имя Кириллова Н. Б.
4 Код отношения 070
245 10 a Заглавие Медиакультура
b Продолж. заглавия теория, история, практика; учебное пособие для студентов высших учебных заведений гуманитарных специальностей
c Ответственность М-во образования и науки РФ, Рос. гос. проф.-пед. ун-т, [Нац. проект "Образование России"]
260 a Место издания Москва
c Дата издания 2008
b Издательство Академический проект
b Издательство Культура
300 a Объем 494 с.
b Иллюстрации/ тип воспроизводства ил., табл.
c Размеры 24 см
440 _0 a Серия Gaudeamus
440 _0 a Серия Фундаментальный учебник
p Название части Культурология
p Название части Менеджмент
440 _0 a Серия Учебник для вузов
440 _0 a Серия Учебное пособие для вузов
504 a Библиография Библиогр.: с. 474-486 и в подстроч. примеч.
520 0_ a Аннотация Данное учебное пособие обобщает теорию, историю и практику медиакультуры как особого типа культуры информационной эпохи, раскрывая не только ее специфику и эволюцинные процессы медиатворчества, но и доказывая, что методологической основой изучения медиакультуры является междисциплинарный подход, опирающийся на научные принципы культурологии и семиотики, журналистики и теории массовой коммуникации, педагогики и менеджмента. Выявляя потенциал медиакультуры как фактора российской модернизации, автор уделяет особое внимание вопросам медиаменеджмента и медиаобразования. Учебное пособие предназначено для студентов и аспирантов, обучающихся по специальностям: «Культурология», «Социально-культурная деятельность» (менеджмент культуры), «Журналистика», «Связи с общественностью» (PR), «Массовая коммуникация», «Педагогика» (медиаобразование), «Режиссура мультимедиа программ» и др.
650 04 a Основная рубрика Медиакультура
x Основная подрубрика Учебники для вузов
650 14 a Основная рубрика Средства массовой коммуникации
x Основная подрубрика Социология
650 14 a Основная рубрика Медиаобразование
653 0_ a Ключевые слова Интернет
a Ключевые слова Информационное общество
a Ключевые слова Медиагенезис
a Ключевые слова Медиакультура
a Ключевые слова Медиаменеджмент
a Ключевые слова Медиаобразование
a Ключевые слова Медиасреда
a Ключевые слова Средства массовой коммуникации
852 41 i Расстановочный признак Проверка 2023
910 a Гриф есть**
920 a Оператор Стру
a Оператор Поля
930 a Новая/Ретро учебники
952 c Вид литературы К ру
954 a Дата поступления на обработку 20091110
e Дата перешифровки 20230417